[Event "American World Cup Q Prelim"]
[Site "Tornelo INT"]
[Date "2021.05.08"]
[Round "1"]
[White "Guevara, Milton"]
[Black "Spata, German"]
[Result "0-1"]
[WhiteElo "1619"]
[BlackElo "2290"]
[PlyCount "154"]
[EventDate "2021.05.08"]
[EventType "swiss (rapid)"]
[EventRounds "9"]
[EventCountry "USA"]
[SourceTitle "CBM 202 Extra"]
[Source "ChessBase"]
[SourceDate "2021.07.31"]
[SourceVersion "1"]
[SourceVersionDate "2021.07.31"]
[SourceQuality "1"]

1. d4 d5 2. c4 c6 3. Nc3 Nf6 4. Nf3 dxc4 5. e3 b5 6. a4 b4 7. Na2 e6 8. Bxc4 Nbd7 9. Bd2 a5 10. Nc1 Bb7 11. Nb3 Be7 12. 0-0 0-0 13. Qe2 c5 14. Rfc1 Qb6 15. dxc5 Nxc5 16. Nxc5 Bxc5 17. Bb5 Ne4 18. Ne5 Rfd8 19. Nc4 Qa7 20. Rd1 Be7 21. f3 Nxd2 22. Rxd2 Rxd2 23. Qxd2 Rd8 24. Qe2 Bc5 25. Kf2 g6 26. Rd1 Rxd1 27. Qxd1 Bd5 28. Qd3 Qc7 29. g3 h5 30. Ke2 h4 31. f4 hxg3 32. hxg3 Bf8 33. e4 Bxc4 34. Qxc4 Qb6 35. Kf3 Qg1 36. Qe2 Bc5 37. f5 Qh1+ 38. Qg2 Qd1+ 39. Qe2 Qb3+ 40. Qd3 Qxb2 41. fxg6 Qf6+ 42. Kg2 Qxg6 43. Bc4 Bf8 44. Bb3 Qg5 45. Kf3 Qh5+ 46. Kg2 Qe5 47. Qe2 Bd6 48. Qg4+ Kf8 49. Qf3 Ke7 50. Qd3 Qb2+ 51. Kf3 Qf6+ 52. Kg2 Qg5 53. Kh3 Be5 54. Kg2 Qc1 55. Qf3 Qb2+ 56. Kh3 Bc3 57. Bc4 Qd2 58. Bb5 Qh6+ 59. Kg2 Qd2+ 60. Kh3 Qd4 61. Qg4 Qh8+ 62. Qh4+ Kd6 63. Qxh8 Bxh8 64. Kg4 Kc5 65. Kf3 Kd4 66. g4 Kc3 67. g5 b3 68. Be8 b2 69. Bxf7 b1Q 70. Bxe6 Qd3+ 71. Kf4 Kd4 72. Bf5 Be5+ 73. Kg4 Qg3+ 74. Kh5 Bf4 75. Kg6 Qxg5+ 76. Kf7 Qd8 77. Ke6 Qc7 0-1